Breve historia de la argentina /

Guardado en:
Autor Principal: Romero, José Luis
Formato: Libro
Publicado: Buenos Aires : Huemul
Edición:6a. ed.
Materias:
Etiquetas: Agregar Etiqueta
Sin Etiquetas, Sea el primero en etiquetar este registro!
LEADER 01846nam a22002775a 4500
001 CEM.cems005593
008 130507b2000##################000#0#####d
005 20241220094132.0
245 1 0 |a Breve historia de la argentina /  |c José Luis Romero 
250 |a 6a. ed. 
260 |a Buenos Aires :  |b Huemul 
300 |a 226 p. 
505 0 |a La era indígena -- Las poblaciones autóctonas -- La era colonial -- La conquista española y la fundación de las ciudades (siglo XVI) -- La Gobernación del Río de la Plata (1617-1770) -- La época del Virreinato (1776-1810) -- La era criolla -- La independencia de las Provincias Unidas (1810-1820) -- La desunión de las provincias (1820-1835) -- La Federación (1835-1852) -- Buenos Aires frente a la Confederación Argentina (1852-1862) -- La República: estabilización política y cambio económico-social (1862-1880) -- la era aluvial -- La República liberal (1880-1916) -- La República radical (1916-1930) -- La República conservadora (1930-1943) -- La República de masas (1943-1955) -- La República en crisis (1955-1973) -- Pérdida y Recuperación de la República (1973-1996) 
020 |a 9501000729 
100 1 |a Romero, José Luis 
082 0 4 |a Z982 
653 |a Historia 
653 |a Historia argentina 
859 |a CEMS  |b BIB. CEMS - 11 de abril  |h 982  |i R664a6  |p 13383.85  |t Ej.1 
859 |a CEMS  |b BIB. CEMS - 11 de abril  |h 982  |i R664a6  |p 13385.85  |t Ej.3 
859 |a CEMS  |b BIB. CEMS - 11 de abril  |h 982  |i R664a6  |p 13386.85  |t Ej.4 
859 |a CEMS  |b BIB. CEMS - 11 de abril  |h 982  |i R664a6  |p 13387.85  |t Ej.5 
859 |a CEMS  |b BIB. CEMS - 11 de abril  |h 982  |i R664a6  |p 13389.85  |t Ej.7 
859 |a CEMS  |b BIB. CEMS - 11 de abril  |h 982  |i R664a6  |p 13390.85  |t Ej.8 
859 |a CEMS  |b BIB. CEMS - 11 de abril  |h 982  |i R664a6  |p 15736.90  |t Ej.12 
859 |a CEMS  |b BIB. CEMS - 11 de abril  |h 982  |i R664a6  |p 15738.90  |t Ej.14